Statistics for Countries that Beat Spain

Click here to take the quiz!

General Stats

  • This quiz has been taken 12,864 times
  • The average score is 14 of 16

Answer Stats

Rank Category Countries % Correct
4Most native Spanish speakersMexico | Colombia | Argentina | United States
98%
4Southernmost European country
*not counting Turkey or Cyprus
Greece | Italy | Malta
97%
2Most international tourists receivedFrance
95%
2Largest colonial empireUnited Kingdom
94%
3Most recent foreign country to occupy
the Philippines
United States | Japan
91%
2Most wine productionItaly
90%
3Most UNESCO World Heritage sitesItaly | China
89%
8Owner of the island with the highest elevationIndonesia | Papua New Guinea | United States |
Malaysia | Taiwan | Japan | New Zealand
86%
4Poorest European country that was never
communist (2020, PPP)
Greece | Portugal | Italy
85%
3Most populous country whose name starts with SSouth Africa | South Korea
83%
4European country with the most populous
city starting with Z
Switzerland | Croatia | Ukraine
82%
6Source of the greatest number of foreign-born
French residents
Algeria | Morocco | Portugal | Italy | Tunisia | Turkey
79%
2European country whose capital is furthest
from the sea or an international border
Russia
78%
3Earliest legalization of same-sex marriageNetherlands | Belgium
76%
8Most water desalinatedSaudi Arabia | United Arab Emirates | Kazakhstan |
Algeria | Qatar | Israel | United States
73%
6Country flag with the most yellowBrunei | Vatican City | Ukraine | Colombia | Ecuador
64%

Score Distribution

Percentile by Number Answered

Percent of People with Each Score

Your Score History

You have not taken this quiz